Law courts in a glass house: an autobiography (Record no. 399525)

000 -LEADER
fixed length control field 00460cam a22001457a 4500
008 - FIXED-LENGTH DATA ELEMENTS--GENERAL INFORMATION
fixed length control field 180718b2001 xxu||||| |||| 00| 0 eng d
020 ## - INTERNATIONAL STANDARD BOOK NUMBER
International Standard Book Number 019579561X
082 ## - DEWEY DECIMAL CLASSIFICATION NUMBER
Classification number A99 Sh13
100 ## - MAIN ENTRY--PERSONAL NAME
Personal name Shah, Sajjad Ali
245 ## - TITLE STATEMENT
Title Law courts in a glass house: an autobiography
Statement of responsibility, etc. by Sajjad Ali Shah
260 ## - PUBLICATION, DISTRIBUTION, ETC.
Place of publication, distribution, etc. Oxford
Name of publisher, distributor, etc. Oxford Univ. Press
Date of publication, distribution, etc. 2001
300 ## - PHYSICAL DESCRIPTION
Extent 834p.
650 ## - SUBJECT ADDED ENTRY--TOPICAL TERM
Topical term or geographic name entry element Shah, Sajjad Ali - Criticism and interpretation
650 ## - SUBJECT ADDED ENTRY--TOPICAL TERM
Topical term or geographic name entry element Shah, Sajjad Ali - Autobiography
Holdings
Withdrawn status Lost status Damaged status Not for loan Permanent Location Current Location Date acquired Full call number Barcode Date last seen Price effective from Koha item type
        Indian Institute of Public Administration Indian Institute of Public Administration 2002-06-11 A99 Sh13 77518 2018-07-21 2018-07-21 Book

Powered by Koha